000 00768nam a2200217 a 4500
001 BRCA_4555
005 20190320204721.0
008 980828s1997####sp-a######---#000-1dspa-#
020 _a8488333188
050 4 _aPQ6388
_b.P53 1997
245 1 0 _aPlatir
_b(Valladolid, Nicolás Tierri, 1533)
_cedición de Ma. Carmen Marín Pina.
260 _aAlcalá de Henares [España]
_bCentro de Estudios Cervantinos
_c1997
300 _axviii, 362 p.
_bil.
_c24 cm.
440 0 _aLos libros de Rocinante
_v1
_911536
500 _aPublicado originalmente: Valladolid : Nicolás Tierri, 1533.
504 _aBibliografía: p. xviii
650 1 4 _aLiteratura
_zEspaña
_911537
700 1 _aMarín Pina, Ma. Carmen
_q(María Carmen)
_eEditora
_911538
902 _aCERV
942 _2lcc
_cB
999 _c4261
_d4261